Chronic myeloid neoplasias and clonal overlap syndromes : (رقم التسجيلة. 24197)

تفاصيل مارك
000 -الفاتح
حقل البيانات ثابتة الطول 01236cam a2200325 a 4500
001 - رقم الضبط
رقم الضبط 15955856
003 - محدد رقم الضبط
رقم الضبط OSt
005 - وقت وتاريخ اخر تعامل مع التسجيلة
رقم الضبط 20150408114045.0
008 - عناصر البيانات ثابتة الطول - معلومات عامة
حقل البيانات ثابتة الطول 091022s2010 au a b 000 0 engo
010 ## - رقم ضبط مكتبة الكونجرس
رقم ضبط مكتبة الكونجرس 2009939839
020 ## - الرقم الدولى المعيارى للكتب
الرقم الدولى المعيارى للكتاب 9783211798911
040 ## - مصدر الفهرسة
وكالة الفهرسة الأصلية DLC
وكالة النسخ MU
وكالة التعديل DLC
042 ## - رمز التحقق
رمز التحقق pcc
050 00 - رقم طلب مكتبة الكونجرس
رقم المادة .C46 2010
082 ## - رقم تصنيف ديوى العشرى
رقم الطبعة 21
رقم التصنيف 616.41 C H M
245 00 - بيان العنوان
العنوان Chronic myeloid neoplasias and clonal overlap syndromes :
بقية العنوان epidemiology, pathophysiology and treatment options /
بيان المسئوليه,etc Richard Greil ... [et al. ], editors.
260 ## - PUBLICATION, DISTRIBUTION, ETC. (IMPRINT)
مكان الناشر او الموزع Wien :
اسم الناشر او الموزع Springer,
تاريخ النشر أو التوزيع c2010.
300 ## - الوصف المادى
التعداد xi, 292 p. :
تفاصيل ماديه اخرى للوعاء ill. ;
أبعاد الوعاء 29 cm.
504 ## - تبصرة ببليوجرافية
تبصرة ببليوجرافية,الخ Includes bibliographical references.
650 #4 - المدخل الاضافى بالموضوع-مصطلح موضوعى
مصطلح موضوعي أو اسم جغرافي كعنصر مدخل Myeloproliferative disorders
التقسيم الفرعي العام Epidemiology.
9 (RLIN) 16017
650 #4 - المدخل الاضافى بالموضوع-مصطلح موضوعى
مصطلح موضوعي أو اسم جغرافي كعنصر مدخل Myeloid leukemia
التقسيم الفرعي العام Epidemiology.
9 (RLIN) 16018
650 #4 - المدخل الاضافى بالموضوع-مصطلح موضوعى
مصطلح موضوعي أو اسم جغرافي كعنصر مدخل Myeloproliferative disorders
التقسيم الفرعي العام Pathophysiology.
9 (RLIN) 16019
650 #4 - المدخل الاضافى بالموضوع-مصطلح موضوعى
مصطلح موضوعي أو اسم جغرافي كعنصر مدخل Myeloid leukemia
التقسيم الفرعي العام Pathophysiology.
9 (RLIN) 16020
650 #4 - المدخل الاضافى بالموضوع-مصطلح موضوعى
مصطلح موضوعي أو اسم جغرافي كعنصر مدخل Myeloproliferative disorders
التقسيم الفرعي العام Treatment.
9 (RLIN) 16021
650 #4 - المدخل الاضافى بالموضوع-مصطلح موضوعى
مصطلح موضوعي أو اسم جغرافي كعنصر مدخل Myeloid leukemia
التقسيم الفرعي العام Treatment.
9 (RLIN) 16022
700 1# - المدخل الاضافى - اسم شخصى
الإسم الشخصى Greil, Richard.
9 (RLIN) 16023
906 ## - عنصر بيانات محلى F, LDF (RLIN)
a 7
b cbc
c orignew
d 2
e epcn
f 20
g y-gencatlg
942 ## - عناصر المدخل الإضافي( كوها)
مصدر التصنيف او مخطط الترفيف Dewey Decimal Classification
Koha [default] item type DVD
المقتنيات
حالة الفقد نموذج السعر الفعال حالة تلف ليس للاعارة رقم الطلب رقم النسخة تاريخ الاكتساب الموقع الحالي الباركود الفرع الرئيسي Date last seen نوع المادة فى نظام كوها مصدر التصنيف او خطة الترفيف Total Checkouts
  2013-03-10     616.41 C H M C.1 2012-06-23 المكتبة المركزية بالمجمعة (CL) 00109716 المكتبة المركزية بالمجمعة (CL) 2013-03-10 كتاب Dewey Decimal Classification  
  2013-03-10     616.41 C H M C.2 2012-06-23 المكتبة المركزية بالمجمعة (CL) 00109715 المكتبة المركزية بالمجمعة (CL) 2013-03-10 كتاب Dewey Decimal Classification  
  2013-03-10     616.41 C H M C.3 2012-06-23 المكتبة المركزية بالمجمعة (CL) 00109714 المكتبة المركزية بالمجمعة (CL) 2013-03-10 كتاب Dewey Decimal Classification